[Event "I Festival Sant'Anna Magistrale"]
[Site "Pisignano - Vernole ITA"]
[Date "1998.07.??"]
[Round "1"]
[White "Capitelli, Paolo"]
[Black "Vujovic, Milorad"]
[Result "1/2-1/2"]
[WhiteElo "1842"]
[BlackElo "2275"]
[PlyCount "49"]
[EventDate "1998.07.27"]

1. e4 c5 2. Nf3 e6 3. d4 cxd4 4. Nxd4 a6 5. Nc3 Qc7 6. Be2 d6 7. O-O b5 8. a3
Bb7 9. f4 Nd7 10. Bf3 Rd8 11. Be3 Ngf6 12. Qe2 Nc5 13. Bf2 Be7 14. Rad1 d5 15.
exd5 Nxd5 16. Nxd5 Bxd5 17. Bxd5 Rxd5 18. f5 O-O 19. fxe6 Re5 20. exf7+ Rxf7
21. Bg3 Rxe2 22. Bxc7 Rxf1+ 23. Kxf1 Re4 24. Nf3 Rc4 25. c3 1/2-1/2

[Event "I Festival Sant'Anna Magistrale"]
[Site "Pisignano - Vernole ITA"]
[Date "1998.07.??"]
[Round "1"]
[White "Chatalbashev, Boris"]
[Black "Patavia, Antonio"]
[Result "1-0"]
[WhiteElo "2535"]
[BlackElo "2085"]
[PlyCount "59"]
[EventDate "1998.07.27"]

1. d4 Nf6 2. c4 g6 3. Nc3 Bg7 4. e4 d6 5. f4 O-O 6. Nf3 c5 7. d5 Bg4 8. Bd3
Nbd7 9. O-O a6 10. a4 e6 11. dxe6 fxe6 12. h3 Bxf3 13. Qxf3 Ne8 14. Qe2 Bd4+
15. Kh2 Ng7 16. g4 Rf7 17. Bd2 Qc7 18. g5 Raf8 19. Qg4 Kh8 20. Kg2 Qc6 21. Rae1
b6 22. b3 Qb7 23. Ne2 Nf5 24. Rf3 Ne5 25. fxe5 Nh4+ 26. Qxh4 Rxf3 27. Nf4 R8xf4
28. Bxf4 Rxd3 29. exd6 e5 30. Bc1 1-0

[Event "I Festival Sant'Anna Magistrale"]
[Site "Pisignano - Vernole ITA"]
[Date "1998.07.??"]
[Round "1"]
[White "Coppini, Giorgio"]
[Black "Maccario, Mauro"]
[Result "1/2-1/2"]
[WhiteElo "2185"]
[BlackElo "1833"]
[PlyCount "110"]
[EventDate "1998.07.27"]

1. c4 e6 2. Nf3 Nf6 3. g3 d5 4. Bg2 c6 5. O-O Nbd7 6. d3 Be7 7. Nc3 O-O 8. Qc2
dxc4 9. dxc4 e5 10. Rd1 Qc7 11. b3 Re8 12. Bb2 Bf8 13. Ne4 Nxe4 14. Qxe4 Nf6
15. Qh4 Bg4 16. h3 Bxf3 17. Bxf3 e4 18. Bg2 e3 19. Bxf6 exf2+ 20. Kxf2 gxf6 21.
Be4 h5 22. Bf3 Bc5+ 23. Kg2 Re5 24. Qxf6 Be7 25. Qf4 Bg5 26. Qd4 Rae8 27. e4 h4
28. Qd7 Qb6 29. Qg4 hxg3 30. Qxg3 Kf8 31. Rd7 Bf6 32. Rf1 Qe3 33. Rxf7+ Kxf7
34. Bh5+ Rxh5 35. Qxe3 Rg8+ 36. Kh1 Ke7 37. Rf5 Bd4 38. Rf7+ Ke6 39. Qf3 Rg1+
40. Kh2 Rhg5 41. Rf5 Be5+ 42. Rxe5+ Kxe5 43. h4 Rg8 44. c5 R1g4 45. Kh3 Rxe4
46. Qc3+ Kf5 47. Qd3 Kf4 48. Qd6+ Ke3 49. h5 Rgg4 50. Qf6 Ref4 51. Qc3+ Ke4 52.
Qc2+ Ke3 53. Qc1+ Ke4 54. Qc4+ Ke3 55. Qc1+ Ke4 1/2-1/2

[Event "I Festival Sant'Anna Magistrale"]
[Site "Pisignano - Vernole ITA"]
[Date "1998.07.??"]
[Round "1"]
[White "Fragni, Enrico"]
[Black "Calabro', Marco"]
[Result "1/2-1/2"]
[WhiteElo "1822"]
[BlackElo "2110"]
[PlyCount "49"]
[EventDate "1998.07.27"]

1. d4 d5 2. f3 e5 3. c3 exd4 4. cxd4 Bd6 5. Be3 Nf6 6. Bf2 O-O 7. e3 Bf5 8. Bd3
Bxd3 9. Qxd3 Nc6 10. a3 Qe7 11. Ne2 Rae8 12. O-O Na5 13. Nd2 b6 14. b4 Nb7 15.
Qa6 c5 16. Qxa7 Qc7 17. Qa4 Bxh2+ 18. Kh1 Bd6 19. bxc5 bxc5 20. dxc5 Nxc5 21.
Qc2 Re5 22. Nf4 Nh5 23. g3 Nxf4 24. exf4 Rh5+ 25. Kg2 1/2-1/2

[Event "I Festival Sant'Anna Magistrale"]
[Site "Pisignano - Vernole ITA"]
[Date "1998.07.??"]
[Round "1"]
[White "Laketic, Gojko"]
[Black "Ferraro, Francesco"]
[Result "1-0"]
[WhiteElo "2390"]
[BlackElo "2080"]
[PlyCount "98"]
[EventDate "1998.07.27"]

1. d4 d5 2. c4 e6 3. Nc3 Nf6 4. Bg5 Be7 5. e3 O-O 6. Nf3 h6 7. Bh4 b6 8. Bxf6
Bxf6 9. cxd5 exd5 10. Qd2 Be6 11. b4 Be7 12. Rb1 a5 13. b5 c5 14. bxc6 Nxc6 15.
Bb5 Na7 16. O-O Bb4 17. Bd3 Rc8 18. Rb3 Qd6 19. Qb2 Bxc3 20. Rxc3 Rxc3 21. Qxc3
Rc8 22. Qb2 b5 23. Nd2 b4 24. Nb3 Rc3 25. Rd1 Qb6 26. Nc5 Qd8 27. Rc1 Rxc1+ 28.
Qxc1 Bd7 29. Nxd7 Qxd7 30. Qc5 g6 31. Qxa5 Nc6 32. Qc5 Qb7 33. Qxd5 Qb6 34.
Bxg6 Nd8 35. Bd3 Ne6 36. Bc4 Qa7 37. g3 Qa3 38. Kg2 Qc3 39. h4 Qd2 40. Qf5 Kg7
41. Qe5+ Kh7 42. Qf6 Kg8 43. d5 Qc3 44. Qxc3 bxc3 45. Bd3 Nc5 46. Bc2 Na6 47.
a3 Kf8 48. Kf3 Nc7 49. Ke4 Nb5 1-0

[Event "I Festival Sant'Anna Magistrale"]
[Site "Pisignano - Vernole ITA"]
[Date "1998.07.??"]
[Round "1"]
[White "Ljubisavljevic, Zivojin Z."]
[Black "Tamborino, Pasquale"]
[Result "1-0"]
[WhiteElo "2290"]
[BlackElo "1864"]
[PlyCount "119"]
[EventDate "1998.07.27"]

1. c4 e5 2. Nc3 Nf6 3. g3 Bb4 4. Bg2 O-O 5. Qb3 Bxc3 6. bxc3 c6 7. d4 d6 8. Ba3
Re8 9. Qb4 exd4 10. cxd4 d5 11. cxd5 cxd5 12. e3 Nc6 13. Qd2 Ne4 14. Bxe4 dxe4
15. h3 Be6 16. Ne2 Qa5 17. Qxa5 Nxa5 18. Bb4 Nc6 19. a3 Rad8 20. g4 Bd5 21. Rc1
f6 22. Kd2 Rd7 23. Rc5 Red8 24. Rhc1 g6 25. Ke1 Kf7 26. Bd2 a6 27. a4 Ne7 28.
Ba5 Re8 29. Bd2 Bc6 30. a5 Nd5 31. Ng3 Nc7 32. Kf1 Ne6 33. R5c2 Ng5 34. Kg2 Nf3
35. Bb4 Nh4+ 36. Kh1 f5 37. gxf5 gxf5 38. Nh5 Rg8 39. Rc5 Rg5 40. Ng3 Rd8 41.
Re5 Re8 42. Rxe8 Kxe8 43. Rc5 Rg7 44. Nxf5 Nxf5 45. Rxf5 Kd7 46. d5 Bb5 47. Bc3
Rg6 48. Be5 Bf1 49. Bg3 Bxh3 50. Rf7+ Ke8 51. Rxh7 Bg4 52. Kg1 b6 53. d6 bxa5
54. Re7+ Kd8 55. Rxe4 Bf3 56. Rf4 Bc6 57. Rf8+ Kd7 58. Rf7+ Kd8 59. Kf1 a4 60.
Bh4+ 1-0

[Event "I Festival Sant'Anna Magistrale"]
[Site "Pisignano - Vernole ITA"]
[Date "1998.07.??"]
[Round "1"]
[White "Mrdja, Milan"]
[Black "Indelicati, Giuseppe"]
[Result "0-1"]
[WhiteElo "2430"]
[BlackElo "2022"]
[PlyCount "68"]
[EventDate "1998.07.27"]

1. e4 e5 2. Nf3 Nc6 3. Bb5 a6 4. Ba4 Nf6 5. O-O Nxe4 6. Re1 Nc5 7. Bxc6 dxc6 8.
Nxe5 Be7 9. d4 Ne6 10. Be3 O-O 11. c4 f6 12. Nf3 f5 13. d5 cxd5 14. cxd5 Ng5
15. Bxg5 Bxg5 16. Nxg5 Qxg5 17. Nc3 f4 18. f3 Bh3 19. Qc2 Rae8 20. Kh1 Bf5 21.
Qb3 Qh4 22. Ne4 Kh8 23. Qb4 a5 24. Qc5 Rf7 25. g3 fxg3 26. Nxg3 Ref8 27. Qxa5
Bg4 28. Qd2 Bxf3+ 29. Kg1 h5 30. Re5 Qh3 31. Rg5 h4 32. Nf1 Be4 33. Rh5+ Kg8
34. Ng3 Rf2 0-1

[Event "I Festival Sant'Anna Magistrale"]
[Site "Pisignano - Vernole ITA"]
[Date "1998.07.??"]
[Round "1"]
[White "Piscopo, Pierluigi"]
[Black "Aleksieva, Silvia"]
[Result "0-1"]
[WhiteElo "1930"]
[BlackElo "2335"]
[PlyCount "80"]
[EventDate "1998.07.27"]

1. e4 c5 2. Nf3 Nc6 3. d4 cxd4 4. Nxd4 Nf6 5. Nc3 d6 6. Bg5 e6 7. Qd2 a6 8.
O-O-O Bd7 9. f4 b5 10. e5 dxe5 11. Nxc6 Bxc6 12. Qxd8+ Rxd8 13. Rxd8+ Kxd8 14.
fxe5 h6 15. Bf4 Nd7 16. h4 Bc5 17. Rh3 Ke7 18. Be3 Bxe3+ 19. Rxe3 g6 20. Ne2
Rc8 21. Nf4 Bb7 22. Nd3 Rc4 23. g3 g5 24. hxg5 hxg5 25. b3 Rc8 26. Kd2 Nb6 27.
Re2 Bf3 28. Rf2 Be4 29. Be2 Nd5 30. Bf3 Nc3 31. Bh5 Bf5 32. Rf3 g4 33. Rf4 Ne4+
34. Kd1 Rg8 35. Nb4 Nxg3 36. Nc6+ Kf8 37. Bxf7 Kxf7 38. Rd4 Rh8 39. Rd7+ Kg6
40. Ne7+ Kg5 0-1

[Event "I Festival Sant'Anna Magistrale"]
[Site "Pisignano - Vernole ITA"]
[Date "1998.07.??"]
[Round "2"]
[White "Aleksieva, Silvia"]
[Black "Chatalbashev, Boris"]
[Result "1/2-1/2"]
[WhiteElo "2335"]
[BlackElo "2535"]
[PlyCount "116"]
[EventDate "1998.07.27"]

1. c4 g6 2. Nc3 Bg7 3. g3 e5 4. Bg2 d6 5. d3 f5 6. f4 exf4 7. Bxf4 Nf6 8. Qb3
Nc6 9. Nf3 O-O 10. O-O-O Kh8 11. h3 a5 12. Kb1 Nh5 13. Bg5 Qe8 14. g4 fxg4 15.
hxg4 Bxg4 16. Rh4 Bxf3 17. Bxf3 Qe5 18. Bd2 Nd4 19. Qxb7 Nxf3 20. exf3 Qg3 21.
Rdh1 Qxf3 22. Qxf3 Rxf3 23. Kc2 Re8 24. Ne4 a4 25. R1h3 Rf5 26. Nc3 Bxc3 27.
Bxc3+ Kg8 28. Rh2 Kf7 29. Bd2 c6 30. Kc3 Nf6 31. Kb4 Rb8+ 32. Ka3 h5 33. Rf4
Rxf4 34. Bxf4 Ng4 35. Rh3 Ke6 36. c5 Rf8 37. Bxd6 Rf2 38. b3 axb3 39. Kxb3 Rf1
40. Kb2 Nf2 41. Rg3 Nd1+ 42. Kb3 Kf5 43. Be7 Re1 44. Bh4 Re6 45. a4 Ne3 46. a5
Kf4 47. Rg1 Nf5 48. Bg5+ Kf3 49. a6 h4 50. a7 Re8 51. Rf1+ Kg2 52. Ra1 Ra8 53.
Bf4 h3 54. Bb8 g5 55. Ra2+ Kf3 56. Kb4 g4 57. Ka5 g3 58. Kb6 h2 1/2-1/2

[Event "I Festival Sant'Anna Magistrale"]
[Site "Pisignano - Vernole ITA"]
[Date "1998.07.??"]
[Round "2"]
[White "Calabro', Marco"]
[Black "Capitelli, Paolo"]
[Result "0-1"]
[WhiteElo "2110"]
[BlackElo "1842"]
[PlyCount "56"]
[EventDate "1998.07.27"]

1. e4 c5 2. Nc3 Nc6 3. Nge2 e6 4. d4 cxd4 5. Nxd4 Nf6 6. Ndb5 Bb4 7. Nd6+ Ke7
8. Nxc8+ Rxc8 9. Bd3 d6 10. O-O a6 11. Bg5 h6 12. Bh4 Ne5 13. f4 Ng6 14. Be1 h5
15. f5 Ne5 16. fxe6 fxe6 17. Qd2 Qb6+ 18. Kh1 Neg4 19. Qg5 Rcg8 20. Rf3 Qc5 21.
Qd2 Qd4 22. a3 Bc5 23. Bh4 Qe5 24. Bg3 Qd4 25. Re1 h4 26. e5 hxg3 27. exf6+
gxf6 28. h3 Nf2+ 0-1

[Event "I Festival Sant'Anna Magistrale"]
[Site "Pisignano - Vernole ITA"]
[Date "1998.07.??"]
[Round "2"]
[White "Ferraro, Francesco"]
[Black "Andreoli, Mark"]
[Result "0-1"]
[WhiteElo "2080"]
[BlackElo "2035"]
[PlyCount "77"]
[EventDate "1998.07.27"]

1. d4 Nf6 2. Nf3 g6 3. Bf4 Bg7 4. e3 d6 5. c3 Nbd7 6. Bc4 O-O 7. O-O Nh5 8. Bg5
h6 9. Bh4 g5 10. Bg3 Nxg3 11. hxg3 e5 12. Nbd2 c6 13. dxe5 d5 14. Bd3 g4 15.
Nd4 Nxe5 16. Bf5 Qg5 17. Qc2 c5 18. Bh7+ Kh8 19. Ne2 f5 20. Nf4 Rd8 21. Bxf5
Bxf5 22. Qb3 c4 23. Qb4 Nd3 24. Rfd1 a6 25. Qxb7 Rab8 26. Qxa6 Nxb2 27. Rac1
Nd3 28. Rc2 Nxf2 29. e4 Nxe4 30. Nxe4 Bxe4 31. Rcc1 Be5 32. a4 Bxf4 33. gxf4
Qxf4 34. Rf1 Qe3+ 35. Kh2 g3+ 36. Kh3 Bxg2+ 37. Kxg2 Rb2+ 38. Kh3 Rh2+ 39. Kg4
0-1

[Event "I Festival Sant'Anna Magistrale"]
[Site "Pisignano - Vernole ITA"]
[Date "1998.07.??"]
[Round "2"]
[White "Indelicati, Giuseppe"]
[Black "Coppini, Giorgio"]
[Result "1/2-1/2"]
[WhiteElo "2022"]
[BlackElo "2185"]
[PlyCount "71"]
[EventDate "1998.07.27"]

1. e4 d5 2. exd5 Qxd5 3. Nc3 Qd8 4. d4 Nf6 5. Nf3 Bg4 6. h3 Bh5 7. g4 Bg6 8.
Bg2 c6 9. O-O e6 10. Qe2 Be7 11. Bf4 Nbd7 12. Ne5 Nd5 13. Bg3 Nxe5 14. dxe5
Nxc3 15. bxc3 Qc7 16. f4 h6 17. f5 Bh7 18. Rad1 Rd8 19. Qf3 O-O 20. Kh2 Rxd1
21. Rxd1 Rd8 22. Rf1 Bf8 23. h4 Qd7 24. Bh3 Qd5 25. Qf4 Qd2+ 26. Rf2 Qxf4 27.
Bxf4 Bc5 28. Rd2 Rxd2+ 29. Bxd2 Kf8 30. Kg3 a5 31. Kf3 a4 32. Ke4 Bf2 33. h5
Bc5 34. Be3 Ba3 35. Kd3 Ke7 36. Kc4 1/2-1/2

[Event "I Festival Sant'Anna Magistrale"]
[Site "Pisignano - Vernole ITA"]
[Date "1998.07.??"]
[Round "2"]
[White "Loncar, Robert"]
[Black "Ljubisavljevic, Zivojin Z."]
[Result "1/2-1/2"]
[WhiteElo "2410"]
[BlackElo "2290"]
[PlyCount "96"]
[EventDate "1998.07.27"]

1. Nf3 c5 2. c4 Nc6 3. Nc3 e5 4. g3 d6 5. Bg2 f5 6. O-O Nf6 7. e3 Be7 8. d4
cxd4 9. exd4 e4 10. Ng5 h6 11. Nh3 g5 12. f3 exf3 13. Bxf3 f4 14. Nf2 fxg3 15.
hxg3 O-O 16. Qd3 Kg7 17. b3 d5 18. Be3 Nb4 19. Qd1 Bf5 20. Rc1 Rc8 21. a3 Nc6
22. Nxd5 Bxa3 23. Ra1 Nxd5 24. Bxd5 Bb4 25. Qe2 Qe7 26. Bxc6 Rxc6 27. d5 Rcf6
28. Qf3 Bh3 29. Bd4 Kg8 30. Bxf6 Rxf6 31. Qe4 Bxf1 32. Rxf1 Qf8 33. Kg2 Bc5 34.
Qe2 Bxf2 35. Rxf2 Rxf2+ 36. Qxf2 Qxf2+ 37. Kxf2 h5 38. Ke3 Kf7 39. Ke4 Kf6 40.
b4 a6 41. c5 h4 42. gxh4 gxh4 43. Kf4 h3 44. Kg3 Ke5 45. d6 Ke6 46. Kxh3 b6 47.
cxb6 Kxd6 48. Kg3 Kc6 1/2-1/2

[Event "I Festival Sant'Anna Magistrale"]
[Site "Pisignano - Vernole ITA"]
[Date "1998.07.??"]
[Round "2"]
[White "Maccario, Mauro"]
[Black "Mrdja, Milan"]
[Result "0-1"]
[WhiteElo "1833"]
[BlackElo "2430"]
[PlyCount "50"]
[EventDate "1998.07.27"]

1. e4 c5 2. Nf3 d6 3. d4 cxd4 4. Nxd4 Nf6 5. Nc3 a6 6. Be2 e5 7. Nb3 Be7 8. O-O
Nbd7 9. a4 b6 10. Be3 Bb7 11. f3 O-O 12. Nd5 Nxd5 13. exd5 f5 14. c4 a5 15. f4
Nc5 16. Nxc5 bxc5 17. fxe5 dxe5 18. Qc2 Bc8 19. Rad1 Bd6 20. Kh1 Bd7 21. b3 Qe7
22. Rfe1 e4 23. Qd2 h6 24. g3 g5 25. Bh5 Rf6 0-1

[Event "I Festival Sant'Anna Magistrale"]
[Site "Pisignano - Vernole ITA"]
[Date "1998.07.??"]
[Round "2"]
[White "Naumkin, Igor"]
[Black "Laketic, Gojko"]
[Result "1/2-1/2"]
[WhiteElo "2475"]
[BlackElo "2390"]
[PlyCount "20"]
[EventDate "1998.07.27"]

1. d4 Nf6 2. c4 e6 3. Nc3 Bb4 4. e3 c5 5. Nf3 Nc6 6. Bd3 d6 7. O-O Bxc3 8. bxc3
e5 9. Nd2 O-O 10. d5 Ne7 1/2-1/2

[Event "I Festival Sant'Anna Magistrale"]
[Site "Pisignano - Vernole ITA"]
[Date "1998.07.??"]
[Round "2"]
[White "Patavia, Antonio"]
[Black "Piscopo, Pierluigi"]
[Result "1/2-1/2"]
[WhiteElo "2085"]
[BlackElo "1930"]
[PlyCount "70"]
[EventDate "1998.07.27"]

1. Nf3 c5 2. g3 Nc6 3. Bg2 d5 4. d3 e6 5. O-O Bd6 6. c4 Nge7 7. Nc3 O-O 8. e3
f6 9. a3 b6 10. Qb3 Na5 11. Qa2 dxc4 12. dxc4 Ba6 13. b3 Nec6 14. Rd1 Qe7 15.
Qc2 Rad8 16. Nb5 Be5 17. Bb2 Bxb2 18. Qxb2 Bb7 19. Qc2 a6 20. Nc3 Rxd1+ 21.
Rxd1 Rd8 22. Na4 Qc7 23. h4 Ba8 24. Rd3 Ne7 25. Qd1 Rxd3 26. Qxd3 Bc6 27. Nb2
Qd7 28. Nd2 Qxd3 29. Nxd3 Bxg2 30. Kxg2 Nac6 31. Kf3 Kf7 32. Ne4 Nc8 33. Ke2
Ke7 34. Kd2 Nd6 35. Nc3 Kd7 1/2-1/2

[Event "I Festival Sant'Anna Magistrale"]
[Site "Pisignano - Vernole ITA"]
[Date "1998.07.??"]
[Round "2"]
[White "Tamborino, Pasquale"]
[Black "Barro, Carlo"]
[Result "1/2-1/2"]
[WhiteElo "1864"]
[BlackElo "1948"]
[PlyCount "89"]
[EventDate "1998.07.27"]

1. d4 d6 2. c4 Nf6 3. Nc3 g6 4. e4 Bg7 5. Be2 O-O 6. Bg5 h6 7. Be3 c6 8. Qd2
Kh7 9. f3 Nbd7 10. Nh3 e5 11. d5 cxd5 12. cxd5 a6 13. Rc1 Ne8 14. Nf2 Ndf6 15.
Na4 Nd7 16. Qb4 b5 17. Nc3 Rb8 18. O-O h5 19. a4 bxa4 20. Qxa4 Bh6 21. Bxh6
Kxh6 22. b4 Qb6 23. Rb1 Nc7 24. Qc6 Qxc6 25. dxc6 Nb6 26. Rfd1 Rd8 27. Nd5
Nbxd5 28. exd5 Bf5 29. Rb2 Rb6 30. g4 hxg4 31. fxg4 Bc8 32. Ne4 f5 33. g5+ Kg7
34. Nf6 Ne8 35. Nxe8+ Rxe8 36. b5 axb5 37. Rxb5 Rxb5 38. Bxb5 Re7 39. Ra1 Rc7
40. Ra8 Kf7 41. Kf2 f4 42. Kf3 Bf5 43. Rh8 Ke7 44. h4 Bc2 45. Rh7+ 1/2-1/2

[Event "I Festival Sant'Anna Magistrale"]
[Site "Pisignano - Vernole ITA"]
[Date "1998.07.??"]
[Round "3"]
[White "Andreoli, Mark"]
[Black "Indelicati, Giuseppe"]
[Result "1-0"]
[WhiteElo "2035"]
[BlackElo "2022"]
[PlyCount "93"]
[EventDate "1998.07.27"]

1. e4 e5 2. d4 exd4 3. c3 dxc3 4. Bc4 cxb2 5. Bxb2 d5 6. Bxd5 Nf6 7. Bxf7+ Kxf7
8. Qxd8 Bb4+ 9. Qd2 Bxd2+ 10. Nxd2 Re8 11. Ngf3 Nc6 12. O-O Bg4 13. Bxf6 Kxf6
14. Rab1 Bxf3 15. Nxf3 Rab8 16. Rfc1 Red8 17. Kf1 g5 18. h3 h5 19. Rc5 g4 20.
hxg4 hxg4 21. Rf5+ Ke7 22. Ne5 Nxe5 23. Rxe5+ Kf6 24. Rf5+ Ke6 25. Ke2 Rd4 26.
Ke3 Ra4 27. Rb2 a6 28. Rg5 b5 29. Rxg4 c5 30. Rd2 Ra3+ 31. Ke2 b4 32. f4 a5 33.
Rg6+ Kf7 34. Rc6 Rc3 35. Rd7+ Kg8 36. Rg6+ Kh8 37. Rd5 Kh7 38. Rdg5 Re8 39. e5
Rf8 40. Rf6 Rd8 41. Rd6 Rf8 42. f5 c4 43. Rh5+ Kg8 44. Rg6+ Kf7 45. Rh7+ Ke8
46. Re6+ Kd8 47. Ra6 1-0

[Event "I Festival Sant'Anna Magistrale"]
[Site "Pisignano - Vernole ITA"]
[Date "1998.07.??"]
[Round "3"]
[White "Barro, Carlo"]
[Black "Maccario, Mauro"]
[Result "0-1"]
[WhiteElo "1948"]
[BlackElo "1833"]
[PlyCount "112"]
[EventDate "1998.07.27"]

1. Nf3 e6 2. d3 c5 3. e4 Nc6 4. g3 d6 5. Bg2 g6 6. c3 Bg7 7. Nbd2 Nge7 8. a4
O-O 9. O-O Rb8 10. Re1 a6 11. Nb3 b5 12. d4 c4 13. axb5 axb5 14. Nbd2 e5 15. d5
Na5 16. Bf1 Qc7 17. b4 cxb3 18. Nxb3 Nc4 19. Nfd2 Nxd2 20. Qxd2 f5 21. f3 Bd7
22. Qd3 fxe4 23. fxe4 Rbc8 24. Bg5 Rf7 25. Rec1 Rcf8 26. Be2 h6 27. Be3 Nc8 28.
c4 bxc4 29. Rxc4 Qd8 30. Rb4 Kh7 31. Rb7 h5 32. Na5 Bh3 33. Rxf7 Rxf7 34. Nc6
Qf6 35. Rb1 Bh6 36. Qd2 Ne7 37. Bc4 Ng8 38. Bxh6 Nxh6 39. Qe2 Ng4 40. Ra1 Qg5
41. Re1 Rf2 42. Qxf2 Nxf2 43. Kxf2 Qf6+ 44. Ke3 Bg2 45. Be2 h4 46. Rg1 Bh3 47.
Ra1 Kh6 48. Nb4 Qd8 49. Nd3 Bg2 50. Bf3 Qg5+ 51. Ke2 Bxf3+ 52. Kxf3 Qd2 53. Ra3
Qd1+ 54. Ke3 Qg1+ 55. Nf2 hxg3 56. hxg3 Qxg3+ 0-1

[Event "I Festival Sant'Anna Magistrale"]
[Site "Pisignano - Vernole ITA"]
[Date "1998.07.??"]
[Round "3"]
[White "Capitelli, Paolo"]
[Black "Loncar, Robert"]
[Result "0-1"]
[WhiteElo "1842"]
[BlackElo "2410"]
[PlyCount "56"]
[EventDate "1998.07.27"]

1. e4 d6 2. d4 g6 3. Nc3 Bg7 4. f4 a6 5. Nf3 b5 6. a3 Nd7 7. Be3 Bb7 8. e5 e6
9. Bd3 Ne7 10. O-O Nd5 11. Nxd5 Bxd5 12. b3 O-O 13. c4 Bxf3 14. Rxf3 c5 15. Be4
Rb8 16. exd6 cxd4 17. Bxd4 e5 18. fxe5 Nxe5 19. c5 Qh4 20. Re3 Rbe8 21. Bc2 Ng4
22. Rxe8 Qxh2+ 23. Kf1 Rxe8 24. Qxg4 h5 25. d7 Rd8 26. Bxg7 hxg4 27. c6 Kxg7
28. c7 Qxc7 0-1

[Event "I Festival Sant'Anna Magistrale"]
[Site "Pisignano - Vernole ITA"]
[Date "1998.07.??"]
[Round "3"]
[White "Chatalbashev, Boris"]
[Black "Vujovic, Milorad"]
[Result "0-1"]
[WhiteElo "2535"]
[BlackElo "2275"]
[PlyCount "84"]
[EventDate "1998.07.27"]

1. d4 Nf6 2. c4 e6 3. Nf3 Bb4+ 4. Nbd2 d5 5. g3 O-O 6. Bg2 b6 7. O-O Bb7 8. Qc2
Nc6 9. a3 Bxd2 10. Bxd2 dxc4 11. Qxc4 Ne4 12. Bf4 Na5 13. Qc2 f5 14. b4 Nc6 15.
Rfd1 Rc8 16. Rac1 h6 17. Qb3 Qe8 18. h4 Rf7 19. Ne5 Nxe5 20. dxe5 Ba6 21. Qe3
g5 22. hxg5 hxg5 23. Bxg5 Nxg5 24. Qxg5+ Rg7 25. Qf6 Bxe2 26. Bc6 Qe7 27. Rd7
Qxf6 28. exf6 Rf7 29. f3 b5 30. a4 a6 31. Rxf7 Kxf7 32. Bd7 Rd8 33. Rxc7 Kxf6
34. Kf2 Bc4 35. a5 Rh8 36. Kg2 Rh7 37. f4 Bd5+ 38. Kf2 e5 39. g4 exf4 40. gxf5
Ke5 41. Ra7 Bc6 42. f6 Bxd7 0-1

[Event "I Festival Sant'Anna Magistrale"]
[Site "Pisignano - Vernole ITA"]
[Date "1998.07.??"]
[Round "3"]
[White "Fragni, Enrico"]
[Black "Ferraro, Francesco"]
[Result "0-1"]
[WhiteElo "1822"]
[BlackElo "2080"]
[PlyCount "93"]
[EventDate "1998.07.27"]

1. d4 d5 2. f3 e5 3. c3 exd4 4. cxd4 Nf6 5. Be3 c6 6. Nc3 Bd6 7. Bf2 h6 8. e3
Bf5 9. Bd3 Bxd3 10. Qxd3 Nbd7 11. Nge2 Nb6 12. b3 O-O 13. O-O Re8 14. Ng3 g6
15. Rae1 Bf8 16. e4 dxe4 17. Ngxe4 Nfd5 18. Ne2 a5 19. Nc5 Qc8 20. Qd2 Rd8 21.
Ng3 Nc7 22. Qc1 a4 23. Qb2 axb3 24. axb3 Nbd5 25. Rc1 Nb5 26. Na4 Bg7 27. Ne2
Qf5 28. Qb1 Qxb1 29. Rxb1 Nb4 30. Nb6 Ra2 31. Nc1 Rxf2 32. Kxf2 Bxd4+ 33. Kg3
Bxb6 34. Ne2 Rd2 35. Ng1 Nd5 36. Nh3 Bc7+ 37. f4 Ne3 38. Rf2 Nf5+ 39. Kg4 h5+
40. Kf3 Rd3+ 41. Ke2 Rxh3 42. gxh3 Nc3+ 43. Kd3 Nxb1 44. Ra2 Bxf4 45. Kc2 Nd2
46. Kc3 Ne4+ 47. Kd3 0-1

[Event "I Festival Sant'Anna Magistrale"]
[Site "Pisignano - Vernole ITA"]
[Date "1998.07.??"]
[Round "3"]
[White "Laketic, Gojko"]
[Black "Aleksieva, Silvia"]
[Result "1/2-1/2"]
[WhiteElo "2390"]
[BlackElo "2335"]
[PlyCount "100"]
[EventDate "1998.07.27"]

1. d4 Nf6 2. c4 c5 3. d5 b5 4. cxb5 a6 5. bxa6 g6 6. Nc3 Bxa6 7. Nf3 Bg7 8. e4
Bxf1 9. Kxf1 d6 10. g3 Nbd7 11. h3 O-O 12. Kg2 Qb6 13. Re1 Rfb8 14. Re2 Qa6 15.
Rc2 Rb4 16. Qe2 Qxe2 17. Rxe2 Ne8 18. Nd1 Nc7 19. Bd2 Rba4 20. a3 Nb5 21. Rc1
Rb8 22. Nc3 Rc4 23. Nxb5 Rxc1 24. Bxc1 Rxb5 25. Rc2 Nb6 26. Nd2 f5 27. f3 fxe4
28. fxe4 Bh6 29. Nb3 Bg7 30. Nd2 Bh6 31. h4 Kf7 32. Kh3 Be3 33. Kg4 h5+ 34. Kf3
Bh6 35. Ke2 e6 36. a4 Nxa4 37. Nc4 Bf8 38. Bf4 e5 39. Bd2 Rb3 40. Bc3 Ke7 41.
Kd3 Nxc3 42. bxc3 Rb1 43. Ke2 Rh1 44. Rb2 Rh2+ 45. Kf3 Rxb2 46. Nxb2 Bh6 47.
Nc4 Kd7 48. Kf2 Kc7 49. g4 Bc1 50. Kf3 Kd7 1/2-1/2

[Event "I Festival Sant'Anna Magistrale"]
[Site "Pisignano - Vernole ITA"]
[Date "1998.07.??"]
[Round "3"]
[White "Ljubisavljevic, Zivojin Z."]
[Black "Naumkin, Igor"]
[Result "0-1"]
[WhiteElo "2290"]
[BlackElo "2475"]
[PlyCount "52"]
[EventDate "1998.07.27"]

1. d4 e6 2. Nf3 f5 3. Nc3 Bb4 4. Qd3 Nf6 5. a3 Bxc3+ 6. Qxc3 Ne4 7. Qe3 O-O 8.
Ng5 Nxg5 9. Qxg5 Qe8 10. g4 Nc6 11. c3 f4 12. Bg2 d5 13. Qh5 Qe7 14. g5 Bd7 15.
Bf3 Rad8 16. Qh4 Qd6 17. Bd2 e5 18. O-O-O Bf5 19. dxe5 Na5 20. b4 Qc6 21. Bg4
Be4 22. f3 Qa4 23. fxe4 Nc4 24. g6 Qxa3+ 25. Kc2 Qa2+ 26. Kd3 Nxe5+ 0-1

[Event "I Festival Sant'Anna Magistrale"]
[Site "Pisignano - Vernole ITA"]
[Date "1998.07.??"]
[Round "3"]
[White "Mrdja, Milan"]
[Black "Coppini, Giorgio"]
[Result "1/2-1/2"]
[WhiteElo "2430"]
[BlackElo "2185"]
[PlyCount "33"]
[EventDate "1998.07.27"]

1. e4 d5 2. exd5 Qxd5 3. Nc3 Qd8 4. Nf3 Bg4 5. h3 Bh5 6. Be2 Nf6 7. O-O e6 8.
Ne5 Bxe2 9. Qxe2 Nbd7 10. d4 Be7 11. Be3 O-O 12. Rad1 Nd5 13. Ne4 N7f6 14.
Nxf6+ Nxf6 15. c4 c6 16. b3 Qa5 17. Qc2 1/2-1/2

[Event "I Festival Sant'Anna Magistrale"]
[Site "Pisignano - Vernole ITA"]
[Date "1998.07.??"]
[Round "4"]
[White "Aleksieva, Silvia"]
[Black "Andreoli, Mark"]
[Result "1-0"]
[WhiteElo "2335"]
[BlackElo "2035"]
[PlyCount "114"]
[EventDate "1998.07.27"]

1. e4 c5 2. Nf3 d6 3. d4 cxd4 4. Nxd4 Nf6 5. Nc3 g6 6. Be2 Bg7 7. O-O O-O 8.
Re1 Nc6 9. Nb3 Be6 10. Bf1 Na5 11. Nd5 Bxd5 12. exd5 Rc8 13. Nxa5 Qxa5 14. c4
Rfe8 15. Bd2 Qb6 16. Rb1 Nd7 17. b4 e5 18. dxe6 fxe6 19. Be3 Qc7 20. Bd4 e5 21.
Be3 Nf8 22. Qd5+ Kh8 23. Rbd1 Rcd8 24. Bd3 Ne6 25. h4 Nf4 26. Bxf4 exf4 27. Re4
Re5 28. Rxe5 dxe5 29. Qf3 Qe7 30. h5 gxh5 31. Be4 Rxd1+ 32. Qxd1 Bf6 33. Qxh5
Qd7 34. c5 a6 35. Kh2 Qe7 36. Qg4 Qc7 37. Bd5 Bg7 38. Qe6 Qd8 39. Kh3 e4 40.
Bxe4 Qb8 41. Qf5 Kg8 42. Qd5+ Kf8 43. Bxh7 Qc8+ 44. Bf5 Qe8 45. Qd6+ Kg8 46.
Qd5+ Kh8 47. Bg4 Qg6 48. Qd8+ Kh7 49. Qh4+ Bh6 50. Qh5 Qxh5+ 51. Bxh5 a5 52.
bxa5 Bf8 53. c6 bxc6 54. a6 Bc5 55. f3 Ba7 56. Kg4 Kg7 57. Kxf4 Kf6 1-0

[Event "I Festival Sant'Anna Magistrale"]
[Site "Pisignano - Vernole ITA"]
[Date "1998.07.??"]
[Round "4"]
[White "Barro, Carlo"]
[Black "Calabro', Marco"]
[Result "0-1"]
[WhiteElo "1948"]
[BlackElo "2110"]
[PlyCount "90"]
[EventDate "1998.07.27"]

1. Nf3 Nf6 2. g3 d5 3. d3 Bg4 4. Nbd2 Nbd7 5. Bg2 e5 6. O-O c6 7. h3 Bh5 8. e4
Bc5 9. Qe1 O-O 10. Nb3 Bd6 11. g4 Bg6 12. Nh4 Re8 13. Nf5 Bf8 14. Qe2 Qc7 15.
Kh1 a5 16. a4 Rad8 17. Bg5 dxe4 18. dxe4 h5 19. Rfd1 c5 20. Qb5 b6 21. Qc4 hxg4
22. h4 Be7 23. Rd2 Nf8 24. Rad1 Rxd2 25. Rxd2 Rd8 26. Nxe7+ Qxe7 27. Rxd8 Qxd8
28. Qd3 Qxd3 29. cxd3 Nh5 30. Nd2 f6 31. Be3 Bf7 32. Bf1 Nf4 33. Kh2 Be6 34.
Nc4 Nd7 35. Kg3 Nh5+ 36. Kh2 Kf7 37. Nd6+ Ke7 38. Nc4 Kd8 39. Bd2 Kc7 40. Be2
Nf4 41. Bxf4 exf4 42. Bd1 Ne5 43. Nxe5 fxe5 44. Be2 Kd6 45. b3 Bxb3 0-1